Mickey Mouse 12 Veselé Vianoce

Bibliographic Details
Main Author: Disney, Walt, 1901-1966 (Author)
Format: Book
Language:Slovak
PhysicalDescription:32 s. 24,3x17 cm
Published: Bratislava Egmont ČSFR 1991
ISBN:807134012X.
Subjects:

MARC

LEADER 00000nam a2200000 a 4500
001 vtls001236669
003 SK-MaSNL
005 20260413115222.0
008 250414s1991 xo 0 slo
020 |a 807134012X.  |q (zv. 12) 
035 |a SNK000183677 
040 |a SNK  |b slo  |c SNK  |e AACR2 
041 0 |a slo 
044 |a xo  |c SK 
080 |a 087.5(084)  |2 1981 
100 1 |a Disney, Walt,  |d 1901-1966  |4 aut  |9 228783 
245 1 0 |a Mickey Mouse 12  |h Grafika  |b Veselé Vianoce  |c Walt Disney ; Tomáš Janovic 
260 |a Bratislava  |b Egmont ČSFR  |c 1991  |e Banská Bystrica  |f Tlačiarne BB 
300 |a 32 s.  |c 24,3x17 cm 
366 |e 22 Kčs 
500 |a Komiks. ISBN 80-7134-000-6 (súbor). Spolutlač. Neografia, Martin. 
500 |a Prel. Tomáš Janovic. 
655 7 |a beztextové leporelá  |2 SNK  |9 63057 
700 1 |a Janovic, Tomáš,  |d 1937-2023  |4 oth  |9 103580 
852 |a Slovenská národná knižnica 
919 |a 80-7134-012-X. (zv. 12) 
954 |a komiksy  |a seriály kreslené detské  |a hračky knižné 
958 |a BQ 
958 |a DB 
958 |a LX 
958 |a TL 
999 |c 539331  |d 541261 
952 |t P60, <05>, [BOOK], {605}  |a SNK  |b SNK  |y PREZ  |7 0  |p 17A0023044  |o snkSC 79017/12 D1  |0 0  |1 0  |4 0  |d 2000-08-02  |l 0  |r 2005-01-01 00:00:00  |w 2026-02-23